000 00408cam a22001331 4500
082 _a965.03
_bLAU
100 1 _aLaurie, George Brenton,
_950426
245 1 4 _aThe French conquest of Algeria,
_cby Major G.B. Laurie.
260 _aLondon,
_bH. Rees, ltd.,
_c1909.
300 _a3 p. l., 217, [1] p.
_b3 fold. maps.
_c23 cm.
526 _a0
_b0
_c0
_d965_030000000000000_LAU
650 _aMCE
_9379
942 _2ddc
_cBK
999 _c553155
_d553155